| 000 | 00408cam a22001217a 4500 | ||
|---|---|---|---|
| 008 | 180718b1983 xxu||||| |||| 00| 0 eng d | ||
| 082 | _aA81x54 In2/81/1/Pap1/1982 | ||
| 100 | _aCensus of India 1981 | ||
| 245 | _aIndia: final population totals | ||
| 260 |
_aDelhi _bRegistrar General & Census Commissioner for India _c1983 |
||
| 300 | _a278+p. | ||
| 440 | _aCensus of India 1981. Series-1, India. Paper 1 of 1982 | ||
| 999 |
_c481878 _d481878 |
||